000
00209 a2200097 4500
001
18581
100
_a
Khan A
245
_a
Dunya ke zalim hukmuran
260
_a
_b
Sh ghulam ali
_c
1960
090
_c
13809
_d
13809
942
_a
NUST-CAE
_c
M
_c
4235
999
_c
253654
_d
253654